Gaming Quiz

Random Gaming Quiz

Starfox 64 characters Quiz Stats

 Plays Quiz not verified by Sporcle

Challenge
Share
Tweet
Embed
Score 0/24 Timer 14:00
0 Plays Today
Hint Answer % Correct
Fox
87.3%
84.8%
Falco
83.5%
Wolf
82.3%
Peppy
75.9%
Slippy
74.7%
Pigma
69.6%
Andross
69.6%
Leon
68.4%
Andrew
67.1%
Bill
58.2%
Katt
54.4%
Hint Answer % Correct
General Pepper
53.2%
James
50.6%
Rob64
43%
Caiman
36.7%
Mechbeth
31.6%
Meteo Crusher
30.4%
Attack Carrier
29.1%
Sarumarine
29.1%
Shogun
27.8%
Granga
26.6%
Area 6 General
26.6%
Spyborg
25.3%

You're not logged in!

Compare scores with friends on all Sporcle quizzes.
OR
Log In

You Might Also Like...

Show Comments

Extras

Created Jan 10, 2014ReportNominate
Tags:character, Star Fox

Top Quizzes Today


Score Distribution

Your Account Isn't Verified!

In order to create a playlist on Sporcle, you need to verify the email address you used during registration. Go to your Sporcle Settings to finish the process.

Report this User

Report this user for behavior that violates our Community Guidelines.

Details: